all spiderman videogames - Statistics

General Stats
  • This quiz has been taken 58 times
  • The average score is 11 of 42
Answer Stats
Answer % Correct
spiderman
100%
spiderman
100%
spiderman
100%
spiderman
100%
The amazing spiderman
100%
the amazing spiderman
100%
The amazing spiderman
100%
spiderman 2
80%
spiderman 3
64%
the amazing spiderman 2
38%
the amazing spiderman 2
38%
marvels spiderman
30%
spiderman web of shadows
28%
marvels spiderman 2
22%
spiderman friend or foe
20%
marvels spiderman miles morales
18%
ultimate spiderman
18%
spiderman edge of time
14%
lego marvel superheros
8%
spiderman 2 enter electro
8%
spiderman unlimited
6%
spiderman and venom maximum carnage
4%
spiderman battle for new york
4%
spiderman the sinister 6
4%
lego avengers
2%
lego marvel superheros 2
2%
spiderman mysterios menace
2%
spiderman vs the kingpin
2%
ultimate spider man total mayhem
2%
quest probe featuring spiderman
0%
spiderman 2 the sinister six
0%
spiderman and the x men in arcades revenge
0%
spiderman return of the sinister 6
0%
spiderman shattered dimenisons
0%
spiderman the video game
0%
spiderman toxic city
0%
the amazing spiderman 3 invasion of the spider slayers
0%
The amazing spiderman and captain america in dr dooms revenge
0%
the amazing spiderman lethal foes
0%
the amazing spiderman web of fire
0%
The punisher the ultimate pay back
0%
venom/spiderman seperation anxiety
0%
No matching quizzes found
Score Distribution
Percent of People with Each Score
Percentile by Number Answered
Your Score History
You have not taken this quiz